00341nam a2200133Ia 45000030006000000080041000060400015000471000033000622450026000952600051001213000006001725460012001780050017001900STCL150530s9999 xx 000 0 und d aSTCLcSTCL aDaintith, J. Ed;Clark, J.O.E aDictionary of physics bUniversities Press; Hyderabadc2003aHyderabad a0 aEnglish20220125170120.0